000 01792cam a2200517 4500
008 000000n2003 000 0 eng u
020 _a1870886208
035 _a(Sirsi) u121694
041 _aeng.
050 _a690.2
_c18
110 _aWatts and Partners
_92303
245 _aWatts pocket handbook 2003
260 _aLondon
_bWatts and Partners
_c2003
300 _avi, 238p.
_c18cm.
350 _a12
505 _aProperty acquisition and disposal
505 _aDevelopment and procurement
505 _aLegislation and regulation
505 _aArchitectural, engineering and services design
505 _aMaterials and defects
505 _aConservation and the environment
505 _aMaintenance management
505 _aCost management and taxation
505 _aUseful information
520 _a2003 edition of this annual publication providing legal and technical advice and guidance for those working in property and construction.
520 _aSuperseded by 2004 edition (ISBN 1870776216).
650 _aBUILDING CONTROL
_96222
650 _aBUILT ENVIRONMENT-BUILDING COSTS
650 _aBUILDING DEFECTS
650 _aBUILT ENVIRONMENT-BUILDING MAINTENANCE AND REFURBISHMENT
650 _aBUILT ENVIRONMENT-BUILDING MATERIALS
650 _aBUILDING REGULATIONS
_96224
650 _aCOMMERICAL PROPERTY SURVEYS
650 _aCONSERVATION
650 _aCONTRACT MANAGEMENT
650 _aCost management
_96233
650 _aEASEMENTS
650 _aHOME INFORMATION PACKS
650 _aINDUSTRIAL PROPERTY SURVEYS
650 _aPROCUREMENT METHODS
650 _aBUILT ENVIRONMENT-BUILDING COSTS-REINSTATEMENT COSTS
650 _aRESIDENTIAL SURVEYS
650 _aTOWN PLANNING
690 _aBUILT ENVIRONMENT
942 _n0
999 _c102715
_d102715